Iran ou Irak ? - Statistiques

Statistiques générales
  • Ce quiz a été pris 565 fois
  • Le résultat moyen est 11 sur 17
Statistiques - réponses
Question Réponse % Correct
Sa capitale est Téhéran Iran
99%
A été dirigé par Saddam Hussein Irak
98%
A l'altitude la plus élevée Iran
85%
Bassorah est l'une de ses plus grandes villes Irak
82%
Abrite la seule population de guépards sauvages d'Asie Iran
82%
Le Tigre et l’Euphrate le traversent Irak
78%
Les femmes sont tenues par la loi de porter un hijab en public Iran
73%
Où le premier système d'écriture du monde a été développé vers 3200 avant Jésus-Christ Irak
68%
A envahi l'autre pendant la guerre Iran-Irak Irak
66%
Borde la mer Caspienne Iran
62%
Ne reconnaît pas Israël Les deux
62%
A deux langues officielles Irak
56%
Son dirigeant le plus puissant (pas forcément le président) est élu démocratiquement Irak
55%
est membre de l'OPEC, l'Organisation des pays exportateurs de pétrole Les deux
49%
Faisait parti de l'"Axe du Mal", slogan qui a servi à désigner les pays présentés par George W. Bush comme souhaitant se procurer des armes de destruction massive et soutenant le terrorisme. Les deux
43%
A une population majoritairement chiite Les deux
42%
Plus de 5% de la population est kurde Les deux
38%
Aucun quiz correspondant
Distribution des résultats
% des personnes avec chaque résultat
Percentile par nombre de réponses
Votre historique - résultats
Vous n’avez pas pris ce quiz